El quetzal, colibrí gigante : (Registro nro. 13474)
[ vista simple ]
| 000 -LIDER | |
|---|---|
| fixed length control field | 00891nam a2200265 a 4500 |
| 001 - NÚMERO DE CONTROL | |
| Identificador de número de control | |
| 003 - IDENTIFICACDOR DE NÚMERO DE CONTROL | |
| control field | |
| 005 - DATE AND TIME OF LATEST TRANSACTION | |
| control field | 20210511102953.0 |
| 008 - ELEMENTOS DE LONGITUD FIJA | |
| fixed length control field | 100521t2018 dr a 001 p spa d |
| 020 ## - ISBN | |
| International Standard Book Number | 9789945503289 |
| 040 ## - FUENTE DE CATALOGACIÓN | |
| Agencia que crea de manera original el registro | BPMSU |
| Idioma de catalogación | spa |
| Agencia que realiza la transcripción | BPMSU |
| 082 ## - NÚMERO DE CLASIFICACIÓN DECIMAL DE DEWEY | |
| Classification number | G861.08 |
| Item number | Q58c |
| Edition number | 22 |
| 245 10 - MENCIÓN DE TITULO | |
| Título | El quetzal, colibrí gigante : |
| Subtítulo | antología de poesía guatemalteca / |
| Mención de responsabilidad | selección y notas de Enrique Noriega. |
| 260 ## - PUBLICACIÓN, DISTRIBUCIÓN, ETC. (PIE DE IMPRENTA) | |
| Lugar de publicación, distribución, etc | Santo Domingo : |
| Nombre del editor, distribuidor, etc. | Editora Nacional, |
| Fecha de publicación, distribución, etc | 2018 |
| 300 ## - DESCRIPCIÓN FÍSICA | |
| Extensión | 461 p. ; |
| Dimensiones | 23 cm. |
| 490 0# - MENCIÓN DE SERIES | |
| Mención de serie | Homenaje ; |
| -- | poesía |
| 500 ## - NOTA GENERAL | |
| Nota general | Incluye datos biográficos del compilador en la solapa de la cubierta |
| 590 ## - NOTA LOCAL | |
| Enlace | Inventariado, 2021/VM |
| 650 #4 - ENCABEZAMIENTO DE MATERIA--TEMÁTICO | |
| Término temático o nombre geográfico como elemento de entrada | Poesía guatemalteca |
| Subdivisión de forma | Colecciones |
| Subdivisión temática general | |
| 650 #4 - ENCABEZAMIENTO DE MATERIA--TEMÁTICO | |
| Término temático o nombre geográfico como elemento de entrada | Literatura guatemalteca |
| Subdivisión de forma | Colecciones |
| 700 ## - ASIENTO SECUNDARIO -- NOMBRE PERSONAL | |
| Nombre personal | Noriega, Enrique |
| Mención de responsabilidad | selección |
| Fechas asociadas con el nombre | 1949- |
| 830 #0 - ASIENTO SECUNDARIO DE SERIE--TÍTULO UNIFORME | |
| Título uniforme | Homenaje ; |
| -- | poesía |
| 910 ## - VALIDACIÓN | |
| Validación | VMateo |
| 942 ## - ADDED ENTRY ELEMENTS (KOHA) | |
| Source of classification or shelving scheme | Dewey Decimal Classification |
| Koha item type | Libros |
| Withdrawn status | Lost status | Source of classification or shelving scheme | Damaged status | Not for loan | Collection code | Home library | Current library | Date acquired | Source of acquisition | Full call number | Barcode | Date last seen | Price effective from | Koha item type | Copy number |
|---|---|---|---|---|---|---|---|---|---|---|---|---|---|---|---|
| Dewey Decimal Classification | Colección Dominicana | Biblioteca Pública Metropolitana Salomé Ureña | Biblioteca Pública Metropolitana Salomé Ureña | 05/11/2021 | Editora Nacional | BPMSU CD G861.08 Q58c 2018 | BPMSU21050029 | 05/11/2021 | 05/11/2021 | Libros | |||||
| Dewey Decimal Classification | Colección Dominicana | Biblioteca Pública Metropolitana Salomé Ureña | Biblioteca Pública Metropolitana Salomé Ureña | 05/11/2021 | Editora Nacional | BPMSU CD G861.08 Q58c 2018 | BPMSU21050030 | 05/11/2021 | 05/11/2021 | Libros | e.2 | ||||
| Dewey Decimal Classification | Colección Dominicana | Biblioteca Pública Metropolitana Salomé Ureña | Biblioteca Pública Metropolitana Salomé Ureña | 05/11/2021 | Editora Nacional | BPMSU CD G861.08 Q58c 2018 | BPMSU21050031 | 05/11/2021 | 05/11/2021 | Libros | e.3 |